Unit 9 Latin America - Statistics

General Stats
  • This quiz has been taken 13 times
  • The average score is 9 of 10
Answer Stats
Hint Answer % Correct
the large river and rainforest in Brazil is called the amazon
100%
the current capital city of Brazil is brasilia
100%
cutting down the trees in the rainforest is called deforestation
100%
a Brazil slum is called a favela
100%
grass in Argentina is called pampas
100%
Brazil speaks Portuguese the rest of Latin America speaks spanish
100%
a city with a very large population is called a megacity
80%
what country in Latin America is a member of NAFTA with the US and Canada mexico
80%
areas that have earthquakes and volcanos are called the ring of fire
80%
the wealth gap between the rich and poor is called income disparity
60%
No matching quizzes found
Score Distribution
Percent of People with Each Score
Percentile by Number Answered
Your Score History
You have not taken this quiz